| 000 | 01415nam0a2200373 4500 | ||
|---|---|---|---|
| 001 | RU\NLR\BIBL_A\010860840 | ||
| 005 | 20260406044936.0 | ||
| 010 |
_a978-5-9925-1046-1 _91500 |
||
| 021 |
_aRU _b2015-68596 _94107 |
||
| 035 | _a(NILC)RuMoRGB-008013065 | ||
| 035 | _a(NLR Aleph) 010860840 | ||
| 090 |
_a10419956 _c10419956 |
||
| 100 | _a20151014d2015 |||y0rusy50 ca | ||
| 101 | 0 | _aeng | |
| 102 | _aRU | ||
| 105 | _ay z 000ay | ||
| 200 | 1 |
_aNine stories _e[книга для чтения на английском языке] _fJerome David Salinger _gкоммент. и словарь Е. Г. Тигонен |
|
| 210 |
_aСанкт-Петербург _cКАРО _d2015 |
||
| 215 |
_a285, [2] с. _d17 |
||
| 225 | 1 |
_aEnglish _iModern prose |
|
| 300 | _aВ вып. дан.: Девять рассказов / Дэвид Джером Сэлинджер | ||
| 333 | _a16+ | ||
| 517 | 1 | _aДевять рассказов | |
| 541 | 1 |
_aДевять рассказов _zrus |
|
| 606 | 1 |
_aАнглийский язык _jКниги для чтения _9972309 _3RU\NLR\AUTH\6646032 |
|
| 675 | _a811.111 | ||
| 686 | 1 | _aШ143.21-93рус91 | |
| 700 | 1 |
_8eng _7ba _aSalinger _bJ. D. _f1919-2010 _gJerome David _3RU\NLR\AUTH\774718 _9114695 |
|
| 801 | 0 |
_aRU _bРГБ _c20150904 _gRCR |
|
| 801 | 1 |
_aRU _bРГБ _c20150904 _2rusmarc |
|
| 942 | _cBOOK | ||
| 980 | _aNB | ||